Catálogo
 En Linea

Hombres y documentos de la filosofía Española / (Registro nro. 38821)

Detalles MARC
000 -CABECERA
campo de control de longitud fija 00745nam a2200181 a 4500
001 - NÚMERO DE CONTROL
campo de control 000039331
005 - FECHA Y HORA DE LA ÚLTIMA TRANSACCIÓN
campo de control 20201002031611.0
008 - DATOS DE LONGITUD FIJA--INFORMACIÓN GENERAL
campo de control de longitud fija 130624s1980 sp 000 0 spa d
020 ## - NÚMERO INTERNACIONAL ESTÁNDAR DEL LIBRO
Número Internacional Estándar del Libro 8400047257
040 ## - FUENTE DE LA CATALOGACIÓN
Centro catalogador/agencia de origen DO-SdBNP
Lengua de catalogación spa
Centro/agencia transcriptor BNPHU
100 1# - ENTRADA PRINCIPAL--NOMBRE DE PERSONA
Nombre de persona Díaz Díaz, Gonzalo,
Fechas asociadas al nombre 1931-
9 (RLIN) 65526
245 10 - MENCIÓN DE TÍTULO
Título Hombres y documentos de la filosofía Española /
Mención de responsabilidad, etc. Gonzalo Díaz Díaz.
260 ## - PUBLICACIÓN, DISTRIBUCIÓN, ETC.
Lugar de publicación, distribución, etc. Madrid :
Nombre del editor, distribuidor, etc. Consejo Superior de Investigaciones Científicas,Instituto de Filosofía "Luis Vives,",
Fecha de publicación, distribución, etc. 1980.
300 ## - DESCRIPCIÓN FÍSICA
Extensión v. ;
Dimensiones 26 cm.
500 ## - NOTA GENERAL
Nota general Texto a dos columnas
505 0# - NOTA DE CONTENIDO CON FORMATO
Información miscelánea V. 1
Título A-B
Información miscelánea V. 2
Título C-D
Información miscelánea V.3
Título E-G
Información miscelánea v. 4
Título H-LL
Información miscelánea v. 5
Título M-N-Ñ
Información miscelánea v. 7
Título S-Z
710 2# - PUNTO DE ACCESO ADICIONAL--NOMBRE DE ENTIDAD CORPORATIVA
Nombre de entidad corporativa o nombre de jurisdicción como elemento de entrada Consejo Superior de Investigaciones Científicas, Instituto de Filosofía "Luis Vives,"
9 (RLIN) 65527
Existencias
Estado de retiro Estado de pérdida Restricciones de uso No para préstamo Código de colección Localización permanente Ubicación/localización actual Ubicación en estantería Fecha de adquisición Número de inventario Total de préstamos Signatura topográfica completa Código de barras Fecha visto por última vez Precio válido a partir de Tipo de ítem Koha
      Excluido de préstamo Monografías: Libros y Folletos General General En catalogación 24.06.2013 LF1   v. 1 39331-10 25.06.2020 25.06.2020 No se presta
      Excluido de préstamo Monografías: Libros y Folletos General General En catalogación 24.06.2013 LF1   v. 2 39331-20 25.06.2020 25.06.2020 No se presta
      Excluido de préstamo Monografías: Libros y Folletos General General En catalogación 24.06.2013 LF1   v. 3 39331-30 25.06.2020 25.06.2020 No se presta
      Excluido de préstamo Monografías: Libros y Folletos General General En catalogación 24.06.2013 LF1   v. 4 39331-40 25.06.2020 25.06.2020 No se presta
      Excluido de préstamo Monografías: Libros y Folletos General General En catalogación 24.06.2013 LF1   v. 4, e. 2 39331-50 25.06.2020 25.06.2020 No se presta
      Excluido de préstamo Monografías: Libros y Folletos General General En catalogación 24.06.2013 LF1   v. 5 39331-60 25.06.2020 25.06.2020 No se presta
      Excluido de préstamo Monografías: Libros y Folletos General General En catalogación 24.06.2013 LF1   v. 5, e. 2 39331-70 25.06.2020 25.06.2020 No se presta
      Excluido de préstamo Monografías: Libros y Folletos General General En catalogación 24.06.2013 LF1   v. 7 39331-80 25.06.2020 25.06.2020 No se presta
      Excluido de préstamo Monografías: Libros y Folletos General General En catalogación 24.06.2013 LF1   v. 7, e. 2 39331-90 25.06.2020 25.06.2020 No se presta

Con tecnología Koha